| 000 | 00721nam a2200217Ia 4500 | ||
|---|---|---|---|
| 003 | PILC | ||
| 005 | 20160218121908.0 | ||
| 008 | 140626s9999 xx 000 0 und d | ||
| 020 | _a9780470891292 | ||
| 050 |
_aBV 4520 _b.T58 2011 |
||
| 100 | _aThumma, Scott. | ||
| 245 | 4 |
_aThe other 80 percent : _bturning your church’s spectators into active participants / _cScott Thumma and Warren Bird. |
|
| 260 |
_aSan Francisco, CA : _bJossey-Bass, _c2011. |
||
| 300 |
_a218 pages ; _c24 cm. |
||
| 440 | _a(Jossey-bass leadership network series ; 56). | ||
| 500 | _aIncludes appendices, bibliographical references and index. | ||
| 650 | _aLeadership. | ||
| 650 | _aReligion. | ||
| 942 |
_kFOR _cBK _2lcc |
||
| 999 |
_c121509 _d121509 |
||